000 00825pam a2200265 i 4500
001 2187
003 BD-RjUL
005 20211208233512.0
008 131210s1968 nyu b 001 0 eng d
035 _a(BD-RjUL)2214
040 _aDLC
_cDLC
_dDLC
_dBD-RjUL
_beng
041 _aeng
082 0 0 _a153.1532
_bTRA 1968
100 1 _aTrabasso, Tom.
_97146
245 1 0 _aAttention in learning :
_btheory and research /
_cTom Trabasso, Gordon H. Bower, with the collaboration of Rochel Gelman.
260 _aHuntington, N.Y. :
_bR. E. Krieger Pub. Co.,
_cc1968.
300 _axi, 253 p. ;
_c24 cm.
504 _aIncludes index.
504 _aBibliography: p. 235-244.
650 0 _aAttention.
_97147
700 1 _aBower, Gordon H.,
_ejoint author.
_97148
942 _2ddc
_cBK
999 _c2187
_d2187